|
|
|
|
| LEADER |
00000nam0a2200000 4500 |
| 001 |
46429 |
| 005 |
20231101211022.0 |
| 010 |
|
|
|a 5884653999
|
| 035 |
|
|
|a (RuTPU)RU\TPU\book\48461
|
| 090 |
|
|
|a 46429
|
| 100 |
|
|
|a 20030116d2002 m y0rusy50 ca
|
| 101 |
0 |
|
|a rus
|
| 102 |
|
|
|a RU
|
| 105 |
|
|
|a a j 001zy
|
| 200 |
1 |
|
|a Математическое моделирование и технологическое обеспечение точности при изготовлении и ремонте изделий нефтегазового производства
|e учебное пособие
|f В. А. Иванов, В. В. Новоселов, Ю. И. Некрасов, Ю. И. Шаходанов
|g Тюменский государственный нефтегазовый университет
|
| 210 |
|
|
|a Тюмень
|c ТюмНГТУ
|d 2002
|
| 215 |
|
|
|a 182 с.
|c ил.
|
| 320 |
|
|
|a Библиогр.: с. 179-181.
|
| 606 |
1 |
|
|a Контрольно-измерительные инструменты и приборы в нефтяной промышленности
|2 stltpush
|3 (RuTPU)RU\TPU\subj\33769
|
| 606 |
1 |
|
|a Машиностроение
|x Точность
|2 stltpush
|3 (RuTPU)RU\TPU\subj\41490
|9 61280
|
| 610 |
1 |
|
|a химическая технология
|
| 610 |
1 |
|
|a нефтегазовое машиностроение
|
| 610 |
1 |
|
|a изделия
|
| 610 |
1 |
|
|a технологические системы
|
| 610 |
1 |
|
|a размерность
|
| 610 |
1 |
|
|a обработка
|
| 610 |
1 |
|
|a статистический анализ
|
| 610 |
1 |
|
|a механообработка
|
| 610 |
1 |
|
|a математическое моделирование
|
| 610 |
1 |
|
|a токарные станки
|
| 610 |
1 |
|
|a ЧПУ
|
| 610 |
1 |
|
|a учебные пособия
|
| 675 |
|
|
|a 665.6.02(075.8)
|v 3
|
| 675 |
|
|
|a 621-187(075.8)
|v 3
|
| 701 |
|
1 |
|a Иванов
|b В. А.
|g Вадим Андреевич
|
| 701 |
|
1 |
|a Новоселов
|b В. В.
|g Владимир Васильевич
|
| 701 |
|
1 |
|a Некрасов
|b Ю. И.
|g Юрий Иннокентьевич
|
| 701 |
|
1 |
|a Шаходанов
|b Ю. И.
|g Юрий Иванович
|
| 712 |
0 |
2 |
|a Тюменский государственный нефтегазовый университет
|2 stltpush
|3 (RuTPU)RU\TPU\col\99
|
| 801 |
|
1 |
|a RU
|b 63413507
|c 20030116
|g PSBO
|
| 801 |
|
2 |
|a RU
|b 63413507
|c 20141216
|g PSBO
|
| 900 |
|
|
|a Принципы математического моделирования и оптимизации химико-технологических систем
|
| 942 |
|
|
|c BK
|